LEADER 03164oas 2201165 a 450 001 9910333136703321 005 20251114213013.0 011 $a1095-8320 035 $a(DE-599)ZDB1462158-7 035 $a(DE-599)1462158-7 035 $a(OCoLC)36889232 035 $a(CONSER)sn 97032431 035 $a(CKB)954922650154 035 $a(EXLCZ)99954922650154 100 $a19970512a19909999 sy a 101 0 $aeng 135 $aurcnu|||||||| 181 $ctxt$2rdacontent 182 $cc$2rdamedia 183 $acr$2rdacarrier 200 10$aBiologicals $ejournal of the International Association of Biological Standardization 210 $aLondon $cPublished for the International Association of Biological Standardization by Academic Press 300 $aRefereed/Peer-reviewed 311 08$a1045-1056 531 0 $aBiologicals 606 $aBiological products$xStandards$vPeriodicals 606 $aBiological Factors 606 $aBiological Factors$xstandards 606 $aBiological Products 606 $aBiological Products$xstandards 606 $aBiological Products$xstandards$xperiodicals 606 $aBiological Products$xperiodicals 606 $aBiological Products$vPeriodicals 606 $aBiological Products$xstandards$vPeriodicals 606 $aProduits biologiques$xNormes$vPe?riodiques 606 $aProduits biologiques 606 $aBiological products$xStandards$2fast$3(OCoLC)fst00832303 608 $aComputer network resources. 608 $aPeriodicals.$2fast 615 0$aBiological products$xStandards 615 2$aBiological Factors. 615 2$aBiological Factors$xstandards. 615 2$aBiological Products. 615 2$aBiological Products$xstandards. 615 2$aBiological Products$xstandards$xperiodicals. 615 2$aBiological Products$xperiodicals. 615 2$aBiological Products 615 2$aBiological Products$xstandards 615 6$aProduits biologiques$xNormes 615 6$aProduits biologiques. 615 7$aBiological products$xStandards. 676 $a574 712 02$aInternational Association of Biological Standardization 801 0$bOH1 801 1$bOH1 801 2$bHLS 801 2$bNSD 801 2$bOCL 801 2$bOCLCQ 801 2$bGUA 801 2$bOCLCQ 801 2$bMUQ 801 2$bOCLCQ 801 2$bEEM 801 2$bOCLCQ 801 2$bTEF 801 2$bOCLCQ 801 2$bSERSO 801 2$bOCLCF 801 2$bSERSO 801 2$bVT2 801 2$bEUW 801 2$bOCLCQ 801 2$bDGU 801 2$bOCLCQ 801 2$bNLE 801 2$bBUF 801 2$bU3W 801 2$bEZC 801 2$bMST 801 2$bAU@ 801 2$bOCLCO 801 2$bWYU 801 2$bUKMGB 801 2$bOCLCO 801 2$bCGU 801 2$bOCLCO 801 2$bSFB 801 2$bOCLCA 801 2$bCNMTR 801 2$bOCLCA 801 2$bOCLCO 801 2$bOCLCQ 801 2$bUAB 801 2$bOCLCL 801 2$bOCLCQ 906 $aJOURNAL 912 $a9910333136703321 996 $aBiologicals$91890973 997 $aUNINA